000 00991nam a22002417a 4500
005 2008062301461.0
008 080618t xxu||||| |||| 00| f eng d
010 _aENG-90400
020 _c595.00
_a8178242168
035 _aEN-73933
037 _bDBAD / VEN
040 _aDPL
_bEN
082 _a863.08
245 _aFeminist vision or 'treason against men'?:
_ctranslated & edited by Meera Kosambi
_bKashibai Kanitkar and the engendering of Marathi literature /
260 _aRanikhent
_bPermanent Black
_c2008
260 _aNew Delhi
_bOrient Longman (Distributor)
270 _a'Himalayana', Mall Road, Ranikhet Centt.,
_bRanikhet
_e263645
300 _axii, 336p.:
_c23 cm (Hb)
_bb&w photos
500 _aIncludes index
700 _aKosambi, Meera
942 _cEN
_h863.08
_2ddc
_mFEM
999 _c13876
_d13876